01631nam a22001457a 4500020001800000082001600018100002300034245008000057260004800137300001000185520118000195650003001375650004901405650003101454 a9789388937443 a627.5254133 aDash, Baira Ganjan aHistory of canal irrigation in coastal Orissa 1866-1947c/Baira Ganjan Dash aNew DelhibConcept Publishing Companyc2020 a152p. aHistory of Canal Irrigation in Coastal Orissa: 1866-1947 presents an authoritative description of the history of what was known as canal system in coastal colonial Orissa. The text is a strictly original work and primarily based on the author's research on economic history of Orissa. The main features of canal irrigation have been given in full detail for a clear-cut understanding of canal irrigation. Challenging earlier interpretations, the book moves away from a largely colonial or masterly narrative to a realistic history. The work provides a detailed account of the extension of canal irrigation system starting from its beginning. It also explains what led to the introduction of canal irrigation. A comprehensive study on various impacts of canal irrigation is also given and finally in disguisedly the book gives us important insights into the primary aim of the colonial rule which was the economic exploitation. A comprehensive textbook book for the students of economic history and interested readers, History of Canal Irrigation in Coastal Orissa: 1866-1947 is essential reading for a broader understanding of the economic history of colonial coastal Orissa. aIrrigationzIndiazOdisha a Irrigation canals and flumeszIndiazOdisha aAgriculturezIndiazOdisha